000 00500nam a2200181Ia 4500
001 17631
005 20260306171531.0
008 260306s9999||||xx |||||||||||||| ||und||
041 _aESP
082 _a658.1
_bP59
100 _aPintado Conesa, Juan José
_eAUT
245 0 _aMacroeconomía, microeconomía y administración de empresas (cuestiones y ejercicios resueltos)
260 _c2010
300 _a519 páginas :
_c23 cm.
650 _aGEN
654 _aCAN
942 _cLIB
_dJUS
_fJUS
_2ddc
_n
999 _c17631
_d17631